书目信息 |
| 题名: |
梅兰芳演出剧本选集
|
|
| 作者: | ;中国戏剧家协会 | |
| 分册: | ||
| 出版信息: | 北京 中国戏曲出版社 1980.11 |
|
| 页数: | 323页 | |
| 开本: | 20cm | |
| 丛书名: | ||
| 单 册: | ||
| 中图分类: | I232 | |
| 科图分类: | ||
| 主题词: | 戏剧文学--剧本--中国 | |
| 电子资源: | ||
| ISBN: | ||
| 000 | 00581nam0 2200205 45 | |
| 001 | 0403110902 | |
| 005 | 20040416095446.7 | |
| 010 | @dCNY1.35 | |
| 091 | @a8069.25 | |
| 100 | @a20040311d1980 km y0chiy0120 ea | |
| 101 | 0 | @achi |
| 105 | @a z 000yy | |
| 200 | 1 | @a梅兰芳演出剧本选集@AMei Lan Fang Yan Chu Ju Ben Xuan Ji@f中国戏剧家协会@FZhong Guo Xi Ju Jia Xie Hui |
| 210 | @a北京@c中国戏曲出版社@d1980.11 | |
| 215 | @a323页@c照片@d20cm | |
| 606 | 0 | @a戏剧文学@x剧本@x中国 |
| 690 | @aI232@v3 | |
| 711 | 02 | @a中国戏剧家协会 |
| 801 | @aCN@bPftUser@c20040311 | |
| 905 | @dI232@e31 | |
| 梅兰芳演出剧本选集/中国戏剧家协会.-北京:中国戏曲出版社,1980.11 |
| 323页:照片;20cm |
| ISBN :CNY1.35 |
| ● |
| 相关链接 |
|
|
|
|
正题名:梅兰芳演出剧本选集
索取号:I232/31
 
预约/预借
| 序号 | 登录号 | 条形码 | 馆藏地/架位号 | 状态 | 备注 |
| 1 | 0100558 | 000765274 | 第一样本阅览室/ [索取号:I232/31] | 在馆 | |
| 2 | 0100559 | 000765309 | 第二借阅区/ [索取号:I232/31] | 在馆 | |
| 3 | 0100560 | 000765265 | 第二借阅区/ [索取号:I232/31] | 在馆 | |
| 4 | 0140148 | 001897353 | 密集书库/ [索取号:I232/31] | 在馆 | |
| 5 | 0140149 | 000765283 | 第二借阅区/ [索取号:I232/31] | 在馆 |